U.S. Fortune 500 Cities - Statistics

General Stats
  • This quiz has been taken 169 times
  • The average score is 24 of 30
Answer Stats
Company # Answer % Correct
Amazon 8 Seattle
100%
Exxon Mobil 22 Dallas
99%
Walt Disney 11 Los Angeles
99%
JP Morgan 58 New York City
99%
Walgreens 33 Chicago
97%
Phillips 66 24 Houston
97%
General Motors 10 Detroit
96%
Meta 18 San Francisco
95%
General Electric 15 Boston
92%
Coca-Cola 15 Atlanta
91%
World Fuel Services 9 Miami
90%
Target 15 Minneapolis
90%
Comcast 12 Philadelphia
90%
Progressive Insurance 6 Cleveland
88%
Kroger 6 Cincinnati
86%
Apple 17 San Jose
85%
Carvana 8 Phoenix
84%
Nationwide 5 Columbus
81%
Dish Network 8 Denver
81%
Bank of America 8 Charlotte
80%
United States Steel 7 Pittsburgh
80%
Fannie Mae 15 Washington
80%
Kohl's 6 Milwaukee
76%
Centene 7 St. Louis
75%
Dollar General 5 Nashville
71%
Berkshire Hathaway 4 Omaha
62%
Cigna 4 Hartford
48%
CVS 6 Providence
46%
CarMax 8 Richmond
41%
Charter Communications 9 Bridgeport
23%
No matching quizzes found
Score Distribution
Percent of People with Each Score
Percentile by Number Answered
Your Score History
You have not taken this quiz